000 00638nam a2200241Ia 4500
003 OSt
005 20221005102312.0
006 a|||||r|||| 00| 0
007 ta
008 221004b |||||||| |||| 00| 0 san d
024 _a77757
037 _cTextual
040 _aCRL
_cCRL
_bsan
041 _2san
_asan
082 _aQ221:356, J0
100 _aShastri Srivan Malidas
_9623067
245 0 _aSrisakhya sudhakar
260 _aVrindavan
_bSarveshwar Press India
_c1950
300 _a90p.
_ccm.
650 _aRELIGION
942 _hQ221:356, J0
_cTEXL
_2cc
999 _c1008215
_d1008215